[Event "10th Asia-ch (women)"]
[Site "Kozhikode IND"]
[Date "2003.08.25"]
[Round "9.2"]
[White "Vijayalakshmi, Subbaraman"]
[Black "Hoang Thanh Trang"]
[Result "0-1"]
[WhiteElo "2435"]
[BlackElo "2458"]
[EventDate "2003.08.17"]
[PlyCount "132"]

1.d4 f5 2.g3 Nf6 3.Bg2 g6 4.Nf3 Bg7 5.O-O O-O 6.c4 d6 7.Nc3 Qe8 8.d5 a5 9.
Be3 Na6 10.Qd2 Ng4 11.Bf4 Nc5 12.h3 Nf6 13.Bh6 Nfe4 14.Nxe4 Nxe4 15.Qc1 e5
16.dxe6 Bxh6 17.Qxh6 Bxe6 18.Nd2 Nc5 19.b3 Qf7 20.Qf4 Rae8 21.Nf3 Qf6 22.
Qd4 f4 23.Qxf6 Rxf6 24.gxf4 Rxf4 25.e3 Rf6 26.Nd4 Bf5 27.a3 Be4 28.f3 Bd3 
29.Rfe1 a4 30.bxa4 Bxc4 31.Rec1 Bf7 32.e4 c6 33.Rab1 Ra8 34.Ne2 Re6 35.Nc3
Re7 36.Rd1 Nxa4 37.Nxa4 Rxa4 38.Rxd6 Rxa3 39.f4 Bc4 40.Rc1 Bd3 41.Re1 c5 
42.e5 b5 43.Rd5 Rc3 44.Re3 Rc1+ 45.Kh2 Bf5 46.Rd8+ Kg7 47.Bd5 c4 48.Rg8+ 
Kh6 49.Be4 b4 50.Bxf5 gxf5 51.Rb8 Rc2+ 52.Kg3 b3 53.Kh4 Re6 54.Rb7 Rg6 55.
Rb4 Rh2 56.Rg3 b2 57.e6 c3 58.e7 Rxg3 59.Rb6+ Kg7 60.e8=N+ Kf8 61.Kxg3 Rh1
62.Nf6 b1=Q 63.Rxb1 Rxb1 64.Nd7+ Ke7 65.Ne5 c2 66.Nc6+ Kf6 0-1

[Event "10th Asia-ch (women)"]
[Site "Kozhikode IND"]
[Date "2003.08.25"]
[Round "9.3"]
[White "Wang Yu"]
[Black "Harika, Dronavalli"]
[Result "0-1"]
[WhiteElo "2357"]
[BlackElo "2351"]
[EventDate "2003.08.17"]
[PlyCount "92"]

1.e4 c5 2.Nc3 Nc6 3.Bb5 Nd4 4.Bc4 e6 5.Nf3 Nf6 6.O-O a6 7.a4 d5 8.exd5 
exd5 9.Re1+ Be7 10.Nxd5 Nxd5 11.Nxd4 cxd4 12.Qh5 Be6 13.Rxe6 Nf4 14.Rxe7+ 
Qxe7 15.Qd1 O-O 16.b3 Qd7 17.Bb2 Rfe8 18.Qf3 Ng6 19.Qg3 Ne5 20.Bf1 Rad8 
21.h3 Qf5 22.Rc1 Re6 23.f4 Ng6 24.Bc4 Qxf4 25.Qxf4 Nxf4 26.Bxe6 Ne2+ 27.
Kf2 Nxc1 28.Bc4 Na2 29.Ba3 a5 30.Kf3 Nb4 31.Bxb4 axb4 32.Ke4 Kf8 33.Bd5 d3
34.cxd3 Rd7 35.Kd4 Rc7 36.Bc4 Ke7 37.Kd5 f6 38.g4 g6 39.d4 Rc8 40.h4 Rd8+ 
41.Kc5 f5 42.gxf5 gxf5 43.Bd5 b6+ 44.Kc4 Kd6 45.Bf3 Rg8 46.Kd3 Rg1 0-1

[Event "10th Asia-ch (women)"]
[Site "Kozhikode IND"]
[Date "2003.08.25"]
[Round "9.5"]
[White "Huang Qian"]
[Black "Zhang Jilin"]
[Result "1/2-1/2"]
[WhiteElo "2313"]
[BlackElo "2300"]
[EventDate "2003.08.17"]
[PlyCount "98"]

1.d4 Nf6 2.Nf3 c5 3.c3 b6 4.Bf4 Bb7 5.e3 g6 6.Nbd2 Bg7 7.Bd3 O-O 8.O-O d6 
9.Qe2 Nbd7 10.e4 Qc7 11.Ba6 Bxa6 12.Qxa6 e5 13.dxe5 dxe5 14.Bg5 Rfe8 15.
Bxf6 Nxf6 16.Rfe1 Qc6 17.a4 Rac8 18.b3 Bh6 19.Nc4 Nxe4 20.Qxa7 Rc7 21.
Nfxe5 Rxa7 22.Nxc6 Rc7 23.N6e5 Nxc3 24.Ng4 Bg5 25.Nxb6 Kg7 26.Ne3 Rb7 27.
Nec4 Bd8 28.a5 Ra7 29.g3 Nb5 30.Rxe8 Bc7 31.Na4 Nd6 32.Re7 Nxc4 33.bxc4 
Rxa5 34.Rxc7 Rxa4 35.Rxc5 Kf6 36.Kg2 Ra3 37.g4 h6 38.h4 Rc3 39.f3 Ke6 40.
Rc7 h5 41.gxh5 gxh5 42.Rc5 Kf6 43.Kg3 Kg6 44.Rg5+ Kf6 45.c5 Rc4 46.Rxh5 
Kg6 47.Rd5 f6 48.f4 Rc1 49.h5+ Kh6 1/2-1/2

[Event "10th Asia-ch (women)"]
[Site "Kozhikode IND"]
[Date "2003.08.25"]
[Round "9.6"]
[White "Thipsay, Bagyashree Sathe"]
[Black "Shen Yang"]
[Result "0-1"]
[WhiteElo "2225"]
[BlackElo "2113"]
[EventDate "2003.08.17"]
[PlyCount "72"]

1.e4 e5 2.Nf3 Nc6 3.Bb5 a6 4.Ba4 Nf6 5.O-O Be7 6.Re1 b5 7.Bb3 d6 8.c3 O-O 
9.d4 Bg4 10.Be3 Na5 11.dxe5 Bxf3 12.Qxf3 dxe5 13.Bc2 c5 14.Nd2 Nd7 15.Rad1
Qc8 16.Qg3 Re8 17.Nf3 Bf6 18.b3 b4 19.cxb4 cxb4 20.Bd3 Qb7 21.Bb1 Nf8 22.
h4 Kh8 23.h5 Nc6 24.h6 gxh6 25.Bxh6 Ne6 26.Qh2 Rg8 27.Nh4 Ncd4 28.Rd3 Rg4 
29.Nf5 Nxf5 30.exf5 Rag8 31.Rg3 Nd4 32.Kh1 Rh4 33.Rxg8+ Kxg8 34.Qxh4 Bxh4 
35.Rxe5 Qc6 36.f6 Bxf6 0-1

[Event "10th Asia-ch (women)"]
[Site "Kozhikode IND"]
[Date "2003.08.25"]
[Round "9.8"]
[White "Meenakshi, Subbaraman"]
[Black "Nguyen Thi Thanh An"]
[Result "0-1"]
[WhiteElo "2319"]
[BlackElo "2335"]
[EventDate "2003.08.17"]
[PlyCount "82"]

1.c4 g6 2.Nc3 Bg7 3.g3 d6 4.Bg2 e5 5.Nf3 Nc6 6.d3 f5 7.O-O Nf6 8.Bg5 h6 9.
Bxf6 Qxf6 10.Nd5 Qf7 11.Nd2 O-O 12.b4 Be6 13.b5 Nd8 14.Rb1 c6 15.bxc6 bxc6
16.Nb4 Rc8 17.Qa4 d5 18.Qa6 e4 19.cxd5 cxd5 20.Nb3 Rc7 21.Qa4 Re7 22.Nc5 
Bd4 23.Nxe6 Qxe6 24.Qb3 Rd7 25.e3 Bb6 26.dxe4 dxe4 27.Rfd1 Qxb3 28.axb3 
Rxd1+ 29.Rxd1 Nb7 30.Bf1 Rd8 31.Ra1 Na5 32.Bc4+ Nxc4 33.bxc4 Rc8 34.Rc1 
Bc5 35.Nd5 Kf7 36.Kf1 Rb8 37.Rc2 Rb1+ 38.Ke2 a5 39.Nc3 Ra1 40.Rb2 Bb4 41.
Nd5 Re1# 0-1

[Event "10th Asia-ch (women)"]
[Site "Kozhikode IND"]
[Date "2003.08.25"]
[Round "9.9"]
[White "Tania, Sachdev"]
[Black "Ramaswamy, Aarthie"]
[Result "1/2-1/2"]
[WhiteElo "2206"]
[BlackElo "2316"]
[EventDate "2003.08.17"]
[PlyCount "77"]

1.d4 Nf6 2.c4 e6 3.Nf3 b6 4.g3 Ba6 5.b3 Bb4+ 6.Bd2 Be7 7.Bg2 c6 8.Bc3 d5 
9.Nbd2 Nbd7 10.O-O O-O 11.Re1 c5 12.e4 dxe4 13.Ng5 Rc8 14.Ndxe4 h6 15.
Nxf6+ Nxf6 16.Nh3 cxd4 17.Bxd4 Bc5 18.Bxc5 Rxc5 19.Nf4 Qb8 20.Qe2 Bb7 21.
Rad1 Rfc8 22.Nd3 R5c7 23.Ne5 Bxg2 24.Kxg2 Qb7+ 25.Qf3 Nh7 26.Qxb7 Rxb7 27.
f4 f6 28.Nf3 Nf8 29.Rd6 b5 30.cxb5 Rxb5 31.Nd4 Rb6 32.Rxb6 axb6 33.Nxe6 
Rc2+ 34.Kg1 Rxa2 35.b4 Ra6 36.f5 Kf7 37.g4 g6 38.h3 h5 39.Kf2 1/2-1/2

[Event "10th Asia-ch (women)"]
[Site "Kozhikode IND"]
[Date "2003.08.25"]
[Round "9.10"]
[White "Ruan Lufei"]
[Black "Sergeeva, Maria"]
[Result "1/2-1/2"]
[WhiteElo "2307"]
[BlackElo "2356"]
[EventDate "2003.08.17"]
[PlyCount "97"]

1.e4 c5 2.Nf3 d6 3.d4 cxd4 4.Nxd4 Nf6 5.Nc3 a6 6.Be2 e6 7.O-O Be7 8.f4 Qc7
9.a4 Nc6 10.Be3 O-O 11.Kh1 Re8 12.Bd3 Nxd4 13.Bxd4 e5 14.Be3 Be6 15.f5 Bc4
16.Bg5 Rac8 17.Bxf6 Bxf6 18.Bxc4 Qxc4 19.Qg4 Rc5 20.Rfd1 Kh8 21.Rxd6 Qb4 
22.Nd5 Qxb2 23.Rg1 Rc6 24.Rd7 Rf8 25.c3 Qb3 26.h3 b6 27.Ra1 Qc4 28.Qf3 h6 
29.Rb7 Bd8 30.Rb8 Rg8 31.Qh5 Qxe4 32.Qxf7 Qc4 33.Qd7 Bg5 34.Rxg8+ Kxg8 35.
Rd1 e4 36.Re1 b5 37.axb5 axb5 38.Qe8+ Kh7 39.Qxe4 Qxe4 40.Rxe4 Bd2 41.Re2 
Bxc3 42.Rc2 Rc5 43.Rxc3 Rxd5 44.g4 b4 45.Rb3 Rb5 46.Kg2 Kg8 47.Kf3 Kf7 48.
Kf4 g6 49.Ke4 1/2-1/2

[Event "10th Asia-ch (women)"]
[Site "Kozhikode IND"]
[Date "2003.08.25"]
[Round "9.11"]
[White "Mohota, Nisha"]
[Black "Tian Tian"]
[Result "0-1"]
[WhiteElo "2321"]
[BlackElo "2300"]
[EventDate "2003.08.17"]
[PlyCount "138"]

1.b3 d5 2.Bb2 c6 3.e3 Nf6 4.f4 Bf5 5.Nf3 e6 6.Be2 Be7 7.O-O Nbd7 8.Nd4 h5 
9.Nxf5 exf5 10.c4 Nc5 11.Qc2 dxc4 12.bxc4 Qd7 13.Be5 Rd8 14.Nc3 Qxd2 15.
Qxf5 Qxe3+ 16.Kh1 Nce4 17.Bxf6 Nxf6 18.Rf3 Qc5 19.Qc2 O-O 20.Rb1 b6 21.Ne4
Nxe4 22.Qxe4 Rd4 23.Qe3 Bf6 24.Re1 Rfd8 25.Bf1 Qf5 26.h3 h4 27.Kh2 Rd2 28.
a3 Qc2 29.Re2 c5 30.Rxd2 Qxd2 31.Qe4 Qd4 32.Qc2 Re8 33.Qa4 Re7 34.Qc6 Qd7 
35.Qxd7 Rxd7 36.Rd3 Bd4 37.g3 hxg3+ 38.Kxg3 Re7 39.Bg2 Re1 40.Bc6 Rc1 41.
Bb5 g6 42.Kf3 Rf1+ 43.Kg4 Kg7 44.Kg3 f5 45.Rf3 Rg1+ 46.Kh2 Kf6 47.Rg3 Rf1 
48.Be8 Rxf4 49.Rxg6+ Ke7 50.Bc6 Be5 51.Kg2 Rxc4 52.Bd5 Rc2+ 53.Kf3 Rc3+ 
54.Ke2 Bf6 55.h4 Bxh4 56.Re6+ Kd7 57.Rh6 Be7 58.Be6+ Kc7 59.a4 f4 60.Bd5 
Ra3 61.Bc6 Re3+ 62.Kf2 c4 63.Bb5 Bc5 64.Kf1 c3 65.Rh2 Bb4 66.Rf2 Bd6 67.
Rc2 Be5 68.Rf2 Kd6 69.Kg2 Kc5 0-1

[Event "10th Asia-ch (women)"]
[Site "Kozhikode IND"]
[Date "2003.08.25"]
[Round "9.12"]
[White "Wang Pin"]
[Black "Shahnaz, Safira"]
[Result "1-0"]
[WhiteElo "2465"]
[BlackElo "2120"]
[EventDate "2003.08.17"]
[PlyCount "155"]

1.e4 c5 2.Nf3 e6 3.d4 cxd4 4.Nxd4 a6 5.Nc3 Nc6 6.Be2 Qc7 7.O-O Nf6 8.Kh1 
Bb4 9.Nxc6 bxc6 10.Na4 Rb8 11.c4 Be7 12.Qc2 c5 13.f4 Bb7 14.Bf3 O-O 15.Be3
d6 16.Rad1 Bc6 17.Nc3 Nd7 18.Rd2 Nb6 19.b3 Nc8 20.g4 Qb7 21.Bg2 Nb6 22.g5 
Rfd8 23.Qd1 a5 24.Qg4 d5 25.exd5 exd5 26.cxd5 Nxd5 27.Nxd5 Bxd5 28.Rfd1 
Bxg2+ 29.Qxg2 Rxd2 30.Rxd2 Qb4 31.Rd7 Bf8 32.Qd5 Qe1+ 33.Bg1 Qe8 34.f5 g6 
35.f6 Rc8 36.Bf2 a4 37.Kg2 axb3 38.axb3 h6 39.gxh6 Bxh6 40.h4 Bf8 41.h5 
gxh5 42.Re7 Qc6 43.Qxc6 Rxc6 44.Re8 Kh7 45.Rxf8 Kg6 46.Bh4 c4 47.Rg8+ Kf5 
48.Rg5+ Ke6 49.bxc4 Rxc4 50.Rxh5 Rc2+ 51.Kg3 Rc4 52.Ra5 Rb4 53.Ra2 Kf5 54.
Rf2+ Kg6 55.Rf4 Rb3+ 56.Kg4 Rb6 57.Re4 Ra6 58.Kf3 Ra3+ 59.Kf4 Ra5 60.Ke3 
Ra3+ 61.Kd4 Ra4+ 62.Kd5 Ra5+ 63.Kd6 Ra7 64.Rg4+ Kh5 65.Rf4 Kg6 66.Rg4+ Kh5
67.Rc4 Rb7 68.Bf2 Kg6 69.Bd4 Rb1 70.Bc3 Rb6+ 71.Kd5 Rb7 72.Rc8 Ra7 73.Ke4 
Rb7 74.Rg8+ Kh5 75.Kf5 Kh4 76.Be5 Kh3 77.Rg3+ Kh4 78.Rg2 1-0

[Event "10th Asia-ch (women)"]
[Site "Kozhikode IND"]
[Date "2003.08.25"]
[Round "9.13"]
[White "Saimeera Ravi"]
[Black "Chandra Hawsa, Koneru"]
[Result "0-1"]
[WhiteElo "2172"]
[BlackElo "2193"]
[EventDate "2003.08.17"]
[PlyCount "60"]

1.e4 c6 2.d4 d5 3.exd5 cxd5 4.c4 Nf6 5.Nc3 e6 6.Nf3 Be7 7.cxd5 Nxd5 8.Bd3 
Nc6 9.O-O O-O 10.Re1 Ncb4 11.Bb1 b6 12.a3 Nxc3 13.bxc3 Nd5 14.Qd3 g6 15.
Bc2 Qc7 16.Bh6 Rd8 17.c4 Ba6 18.Bb3 Rac8 19.Rac1 Nf6 20.Red1 Bb7 21.h3 Ne4
22.d5 Nc5 23.Qc3 Bf8 24.Bxf8 Rxf8 25.Ne5 Nxb3 26.d6 Nxc1 27.Qxc1 Qc5 28.
Qc3 f6 29.Ng4 e5 30.Qd2 Qxc4 0-1

[Event "10th Asia-ch (women)"]
[Site "Kozhikode IND"]
[Date "2003.08.25"]
[Round "9.14"]
[White "Kavitha, J. E."]
[Black "Prathiba, Yuvarajan"]
[Result "1/2-1/2"]
[WhiteElo "2066"]
[BlackElo "2185"]
[EventDate "2003.08.17"]
[PlyCount "141"]

1.e4 e6 2.d4 d5 3.Nc3 Bb4 4.e5 c5 5.a3 Bxc3+ 6.bxc3 Qc7 7.Qg4 f5 8.Qg3 
cxd4 9.cxd4 Ne7 10.Bd2 O-O 11.Bd3 b6 12.Ne2 Ba6 13.Nf4 Qd7 14.Bxa6 Nxa6 
15.h4 Rac8 16.c3 Rc4 17.h5 Nb8 18.h6 g6 19.Nh3 Kh8 20.O-O Ng8 21.Bg5 Qc6 
22.Rfc1 Nd7 23.Nf4 Rf7 24.Ne2 Ra4 25.Re1 b5 26.Nf4 Rc4 27.Re3 Nf8 28.Rae1 
Rc7 29.Bf6+ Nxf6 30.exf6 Rxc3 31.Nxe6 Rxe3 32.Qxe3 Qxe6 33.Qxe6 Nxe6 34.
Rxe6 Kg8 35.Rd6 Kf7 36.Rxd5 Kxf6 37.f4 Rb7 38.Rd6+ Kf7 39.Ra6 Rd7 40.g3 
Rxd4 41.Rxa7+ Kf6 42.Rxh7 Rd3 43.Kf2 Rxa3 44.Rb7 Ra2+ 45.Kg1 Ra1+ 46.Kg2 
Ra2+ 47.Kh3 Ra1 48.h7 Rh1+ 49.Kg2 Rh5 50.Kf3 b4 51.Ke3 b3 52.Kd4 b2 53.
Rxb2 Rxh7 54.Rb6+ Kg7 55.Rb7+ Kh6 56.Rxh7+ Kxh7 57.Ke5 Kh6 58.Kf6 Kh7 59.
Kf7 Kh6 60.Kg8 g5 61.Kf7 gxf4 62.gxf4 Kh7 63.Kf6 Kg8 64.Kg5 Kg7 65.Kxf5 
Kf7 66.Ke5 Ke7 67.f5 Kf7 68.f6 Kf8 69.Ke6 Ke8 70.f7+ Kf8 71.Ke5 1/2-1/2

[Event "10th Asia-ch (women)"]
[Site "Kozhikode IND"]
[Date "2003.08.25"]
[Round "9.15"]
[White "Gokhale, Anupama"]
[Black "Swathi, Ghate"]
[Result "0-1"]
[WhiteElo "2253"]
[BlackElo "2299"]
[EventDate "2003.08.17"]
[PlyCount "72"]

1.d4 d5 2.c4 c6 3.Nf3 Nf6 4.e3 Bf5 5.Qb3 Qb6 6.c5 Qc7 7.Nbd2 Nbd7 8.Nh4 
Bg6 9.Nxg6 hxg6 10.f4 b6 11.cxb6 axb6 12.Qc3 Qb7 13.a4 e6 14.Bd3 Bd6 15.
O-O c5 16.Nf3 c4 17.Bc2 b5 18.Qe1 b4 19.Ne5 b3 20.Bb1 Bb4 21.Bd2 Bxd2 22.
Qxd2 O-O 23.Nf3 Rfb8 24.Qe1 Qb4 25.Qh4 c3 26.Bd3 cxb2 27.Rad1 Rxa4 28.Ng5 
Ra1 29.Bb1 Qc3 30.Qh3 Nf8 31.g4 Rc8 32.f5 exf5 33.gxf5 gxf5 34.Qxf5 Qxe3+ 
35.Kh1 Rc1 36.Nxf7 Raxb1 0-1

[Event "10th Asia-ch (women)"]
[Site "Kozhikode IND"]
[Date "2003.08.25"]
[Round "9.16"]
[White "Sangeetha, M. R."]
[Black "Mohota, Swathi"]
[Result "1-0"]
[WhiteElo "2100"]
[BlackElo "2104"]
[EventDate "2003.08.17"]
[PlyCount "165"]

1.c4 c6 2.Nc3 d5 3.cxd5 cxd5 4.d4 Nf6 5.Nf3 Nc6 6.g3 Ne4 7.Bg2 e6 8.O-O 
Nxc3 9.bxc3 Be7 10.e3 O-O 11.Qe2 b6 12.Nd2 Bb7 13.e4 dxe4 14.Bxe4 Rc8 15.
Nb3 Bf6 16.Rd1 Re8 17.Qd3 g6 18.Ba3 a5 19.Rab1 Qc7 20.Qf3 Bg7 21.Qe2 Ba8 
22.Nd2 Rb8 23.Nc4 Bf8 24.Bc1 Bg7 25.Na3 Na7 26.Bxa8 Rxa8 27.c4 Rac8 28.Be3
Bf8 29.c5 bxc5 30.Rdc1 Rb8 31.Rxb8 Rxb8 32.dxc5 Qc6 33.Nc4 Qa6 34.Qd2 Nc6 
35.Qd7 Qb7 36.Rd1 Qa6 37.Rc1 Rd8 38.Qc7 Rc8 39.Qb6 Qa8 40.Nd6 Rd8 41.Nc4 
a4 42.a3 Rd5 43.Rb1 Rd3 44.Qc7 Rb3 45.Rd1 Qb7 46.Qxb7 Rxb7 47.Nb6 Kg7 48.
Rc1 Ra7 49.Rc4 Ra5 50.Rxa4 Rb5 51.Nd7 Be7 52.Ra6 Rb7 53.Rxc6 Rxd7 54.Ra6 
Rc7 55.c6 e5 56.Kf1 Kf6 57.Bd2 Ke6 58.Ba5 Rc8 59.a4 Kd5 60.Ra7 Ke6 61.c7 
Bd6 62.Ke2 Kd7 63.Kd3 Bc5 64.Rb7 Bxf2 65.Ke4 Bg1 66.h3 Bf2 67.g4 Bd4 68.
Rb5 Kc6 69.Rb8 Kd7 70.Kd5 f5 71.Rb1 Ra8 72.Rb5 Ra6 73.Kc4 Rc6+ 74.Kd3 Bc5 
75.Rb8 e4+ 76.Ke2 Be7 77.Rd8+ Ke6 78.c8=Q+ Rxc8 79.Rxc8 f4 80.Bd2 f3+ 81.
Kf2 Bh4+ 82.Kf1 Kd5 83.Be3 1-0

[Event "10th Asia-ch (women)"]
[Site "Kozhikode IND"]
[Date "2003.08.25"]
[Round "9.18"]
[White "Malinicheva, Lidia"]
[Black "Karavade, Eesha"]
[Result "0-1"]
[WhiteElo "2126"]
[BlackElo "2218"]
[EventDate "2003.08.17"]
[PlyCount "94"]

1.e4 c5 2.Nf3 d6 3.d4 cxd4 4.Qxd4 Nc6 5.Bb5 Bd7 6.Bxc6 Bxc6 7.O-O Nf6 8.
Nc3 e6 9.Qd3 a6 10.Nd4 Bd7 11.f3 Be7 12.Be3 O-O 13.Rad1 b5 14.a3 Qc7 15.g4
Bc8 16.Bf2 Nd7 17.Bg3 Ne5 18.Qe3 Bb7 19.Rf2 Nc4 20.Qc1 Nxa3 21.bxa3 Qxc3 
22.Nb3 d5 23.Rd3 Qc8 24.e5 a5 25.Kg2 a4 26.Nd4 b4 27.axb4 Bxb4 28.Qb2 Bc5 
29.Rfd2 a3 30.Qa1 Ba6 31.Rc3 Bc4 32.Rd1 Qa6 33.Bf2 Rfb8 34.Re3 a2 35.Be1 
Qb6 36.Bc3 Ba3 37.Ree1 Bb2 38.Bxb2 Qxb2 39.Kg3 h6 40.c3 Ra6 41.Rc1 Qxa1 
42.Rxa1 Rab6 43.Nc2 Rb2 44.Ne3 Rb1 45.Nc2 Rxe1 46.Rxe1 Rb1 47.Kf2 Rb2 0-1

[Event "10th Asia-ch (women)"]
[Site "Kozhikode IND"]
[Date "2003.08.25"]
[Round "9.19"]
[White "Priya, P."]
[Black "Lakshmi, Praneetha"]
[Result "1-0"]
[WhiteElo "2091"]
[BlackElo "2005"]
[EventDate "2003.08.17"]
[PlyCount "94"]

1.e4 c5 2.c3 d5 3.exd5 Qxd5 4.d4 e6 5.Nf3 Nf6 6.Be2 Be7 7.O-O Nc6 8.c4 Qd6
9.dxc5 Qxc5 10.Nc3 O-O 11.Be3 Qa5 12.a3 Rd8 13.Qc2 Qc7 14.Nb5 Qb8 15.h3 
Bd7 16.Rfd1 a6 17.Nc3 Ne5 18.Bb6 Rc8 19.b3 Bc5 20.Bxc5 Rxc5 21.Nd4 Ng6 22.
b4 Rg5 23.Nf3 Rh5 24.Ne4 Qc7 25.Nh2 Rh4 26.Nxf6+ gxf6 27.Ng4 Bc6 28.Nxf6+ 
Kh8 29.Qc3 Qe5 30.Qxe5 Nxe5 31.b5 axb5 32.cxb5 Be8 33.a4 Rf4 34.Nxe8 Rxe8 
35.a5 Re4 36.Kf1 Kg7 37.a6 bxa6 38.bxa6 Rb4 39.g3 Kf6 40.a7 Ra8 41.f4 Nc6 
42.Bf3 Rb6 43.Rd7 Rxa7 44.Rdxa7 Nxa7 45.Rxa7 Rb2 46.Be2 h6 47.Bh5 e5 1-0